[Event "2. Torneo Ciudad de Pontevedra 2014"]
[Site "Pontevedra ESP"]
[Date "2014.08.07"]
[Round "1.1"]
[White "Carretero Garcia, Ivan"]
[Black "Santos Latasa, Jaime"]
[Result "0-1"]
[WhiteElo "1735"]
[BlackElo "2487"]
[PlyCount "56"]
[EventDate "2014.08.07"]
[EventType "swiss"]
[EventRounds "9"]
[EventCountry "ESP"]
[Source "lmi"]
[SourceDate "2014.08.07"]

1. d4 Nf6 2. Nc3 e6 3. e4 d5 4. exd5 exd5 5. Bg5 Be7 6. Nf3 O-O 7. Be2 h6 8.
Bh4 c6 9. O-O Ne4 10. Bxe7 Qxe7 11. Ne5 Nxc3 12. bxc3 Nd7 13. f4 Nf6 14. Bd3 c5
15. dxc5 Qxc5+ 16. Kh1 Qxc3 17. Rf3 Qb4 18. h3 Ne4 19. c4 Qc5 20. Qc2 Nf6 21.
Rg1 b6 22. g4 dxc4 23. g5 cxd3 24. Qxc5 bxc5 25. gxf6 Bb7 26. Rxg7+ Kh8 27.
Ng6+ fxg6 28. Rxb7 Rad8 0-1

[Event "2. Torneo Ciudad de Pontevedra 2014"]
[Site "Pontevedra ESP"]
[Date "2014.08.07"]
[Round "1.3"]
[White "Torrado Bea, Francisco Ramon"]
[Black "Guerra Bastida, Diego"]
[Result "0-1"]
[WhiteElo "1723"]
[BlackElo "2362"]
[PlyCount "88"]
[EventDate "2014.08.07"]
[EventType "swiss"]
[EventRounds "9"]
[EventCountry "ESP"]
[Source "lmi"]
[SourceDate "2014.08.07"]

1. e4 c5 2. Nf3 d6 3. d4 cxd4 4. Nxd4 Nf6 5. Nc3 a6 6. Be3 Ng4 7. Bc1 Nf6 8.
Be3 e5 9. Nb3 Be7 10. f3 Be6 11. Nd5 Bxd5 12. exd5 O-O 13. Qd2 a5 14. a4 Nbd7
15. Bb5 e4 16. O-O-O Nb6 17. fxe4 Nxe4 18. Qd4 Nc5 19. Nxc5 dxc5 20. Qe4 Nc8
21. Bd3 g6 22. h4 Nd6 23. Qg4 Qc8 24. Qxc8 Rfxc8 25. c4 Ra6 26. g4 Bf6 27. Rdf1
Be5 28. h5 Rb6 29. hxg6 hxg6 30. Bf4 Re8 31. Bxe5 Rxe5 32. Re1 Rxe1+ 33. Rxe1
Rb4 34. b3 Rxb3 35. Kc2 Rb4 36. Kc3 Kf8 37. Ra1 g5 38. Ra2 Ke7 39. Re2+ Kf6 40.
Rh2 Rxa4 41. Rb2 Rb4 42. Rxb4 axb4+ 43. Kd2 Ke5 44. Ke3 b3 0-1

[Event "2. Torneo Ciudad de Pontevedra 2014"]
[Site "Pontevedra ESP"]
[Date "2014.08.07"]
[Round "1.4"]
[White "Alvarez Fernandez, Enrique"]
[Black "Porras Fernandez, Alberto"]
[Result "1-0"]
[WhiteElo "2355"]
[BlackElo "1711"]
[PlyCount "83"]
[EventDate "2014.08.07"]
[EventType "swiss"]
[EventRounds "9"]
[EventCountry "ESP"]
[Source "lmi"]
[SourceDate "2014.08.07"]

1. d4 Nf6 2. Bg5 d6 3. Bxf6 gxf6 4. e3 e5 5. c4 Bf5 6. Nc3 Nc6 7. Nge2 Qd7 8.
Ng3 Bg6 9. h4 h5 10. Be2 O-O-O 11. d5 Ne7 12. Nxh5 Bxh5 13. Bxh5 Ng6 14. e4 Kb8
15. Bg4 Qe7 16. g3 Bh6 17. Qe2 Rdg8 18. Bf5 Qd8 19. Kd1 Ne7 20. Bh3 Rh7 21. Kc2
c6 22. Rad1 Rgh8 23. Kb1 c5 24. Rd3 Bg7 25. Nd1 Bh6 26. Ne3 Bxe3 27. Rxe3 Rh6
28. Qc2 Qa5 29. Ra3 Qb6 30. Rd1 a6 31. Rdd3 Ka7 32. Rf3 Qb4 33. Rac3 R8h7 34.
Qc1 Qb6 35. Rb3 Qc7 36. Qe3 Ng8 37. Ra3 Rh8 38. b4 Qb6 39. Rb3 cxb4 40. Qxb6+
Kxb6 41. Rxb4+ Kc7 42. Rfb3 1-0

[Event "2. Torneo Ciudad de Pontevedra 2014"]
[Site "Pontevedra ESP"]
[Date "2014.08.07"]
[Round "1.5"]
[White "Pfreundt, Mathis"]
[Black "Suarez Gomez, Julio"]
[Result "0-1"]
[WhiteElo "1711"]
[BlackElo "2294"]
[PlyCount "24"]
[EventDate "2014.08.07"]
[EventType "swiss"]
[EventRounds "9"]
[EventCountry "ESP"]
[Source "lmi"]
[SourceDate "2014.08.07"]

1. e4 e6 2. d4 d5 3. exd5 exd5 4. Bd3 Nc6 5. c3 Bd6 6. Ne2 Qh4 7. Ng3 Nf6 8.
Nd2 Bg4 9. Nf3 Bxf3 10. Qxf3 g6 11. Bg5 Qxg5 12. h4 Qf4 0-1

[Event "2. Torneo Ciudad de Pontevedra 2014"]
[Site "Pontevedra ESP"]
[Date "2014.08.07"]
[Round "1.6"]
[White "Gonzalez Diaz, Julio"]
[Black "Anadon Manez, Antonio"]
[Result "1-0"]
[WhiteElo "2286"]
[BlackElo "1666"]
[PlyCount "49"]
[EventDate "2014.08.07"]
[EventType "swiss"]
[EventRounds "9"]
[EventCountry "ESP"]
[Source "lmi"]
[SourceDate "2014.08.07"]

1. e4 Nf6 2. Bc4 Nxe4 3. Bxf7+ Kxf7 4. Qh5+ g6 5. Qd5+ e6 6. Qxe4 Bg7 7. Nf3
Nc6 8. d4 Rf8 9. d5 Ne7 10. dxe6+ dxe6 11. Ng5+ Kg8 12. Nxe6 Bxe6 13. Qxe6+ Kh8
14. O-O Nc6 15. Nc3 Nd4 16. Qe4 c6 17. Be3 Qf6 18. Rad1 Rad8 19. Rd2 Nf5 20.
Rxd8 Rxd8 21. Bxa7 Qf7 22. Qf4 Bxc3 23. bxc3 Qxa2 24. Bd4+ Nxd4 25. Qf6+ 1-0

[Event "2. Torneo Ciudad de Pontevedra 2014"]
[Site "Pontevedra ESP"]
[Date "2014.08.07"]
[Round "1.7"]
[White "Iglesias Feijoo, Alberto"]
[Black "Torrado Quintela, Julio"]
[Result "0-1"]
[WhiteElo "1657"]
[BlackElo "2247"]
[PlyCount "72"]
[EventDate "2014.08.07"]
[EventType "swiss"]
[EventRounds "9"]
[EventCountry "ESP"]
[Source "lmi"]
[SourceDate "2014.08.07"]

1. e4 g6 2. d4 Bg7 3. Nc3 c6 4. Bc4 d6 5. Nge2 Nf6 6. f3 O-O 7. a4 d5 8. exd5
cxd5 9. Bb3 Nc6 10. O-O Na5 11. Ba2 b6 12. Be3 Ba6 13. Qd2 Rc8 14. Rfe1 Bc4 15.
Bxc4 Nxc4 16. Qc1 Nxe3 17. Qxe3 e6 18. Nc1 Rc4 19. Nb3 Ne8 20. Red1 Nd6 21. g4
Qh4 22. Qf2 Qe7 23. Re1 Qc7 24. Kg2 Rc8 25. Red1 Qd8 26. Rd3 h5 27. h3 R4c7 28.
Nd2 Nc4 29. Nxc4 Rxc4 30. Rc1 hxg4 31. fxg4 a6 32. Rf1 Qd7 33. Qe3 b5 34. axb5
axb5 35. Rf2 b4 36. Na2 Qa7 0-1

[Event "2. Torneo Ciudad de Pontevedra 2014"]
[Site "Pontevedra ESP"]
[Date "2014.08.07"]
[Round "1.8"]
[White "Rodriguez Lopez, Rafael"]
[Black "Caso Huerta, Marcos"]
[Result "1-0"]
[WhiteElo "2238"]
[BlackElo "1656"]
[PlyCount "67"]
[EventDate "2014.08.07"]
[EventType "swiss"]
[EventRounds "9"]
[EventCountry "ESP"]
[Source "lmi"]
[SourceDate "2014.08.07"]

1. e4 e5 2. Nf3 Nf6 3. Nxe5 d6 4. Nf3 Nxe4 5. Nc3 Nxc3 6. dxc3 Be7 7. Bf4 Be6
8. Qd2 Nc6 9. O-O-O h6 10. Bb5 a6 11. Ba4 Bxa2 12. Bxc6+ bxc6 13. b3 Rb8 14.
Kb2 Bxb3 15. cxb3 O-O 16. Ra1 Qc8 17. Qd3 Qb7 18. Nd2 Ra8 19. Ra5 Bf6 20. Rha1
Rfb8 21. Be3 c5 22. f3 Re8 23. Bf2 Bg5 24. Ne4 Reb8 25. R1a3 Be7 26. Nd2 Bg5
27. Be3 Bxe3 28. Qxe3 Re8 29. Qd3 Re7 30. Rxa6 Rae8 31. Ra7 Qc6 32. R3a6 Qd7
33. Ra8 Re3 34. Qxe3 1-0

[Event "2. Torneo Ciudad de Pontevedra 2014"]
[Site "Pontevedra ESP"]
[Date "2014.08.07"]
[Round "1.10"]
[White "Garcia Brion, Eduardo"]
[Black "Bedoya Ramos, Hector Mario"]
[Result "1-0"]
[WhiteElo "2173"]
[BlackElo "1637"]
[PlyCount "61"]
[EventDate "2014.08.07"]
[EventType "swiss"]
[EventRounds "9"]
[EventCountry "ESP"]
[Source "lmi"]
[SourceDate "2014.08.07"]

1. e4 e6 2. d4 d5 3. Nd2 Nf6 4. e5 Nfd7 5. Bd3 c5 6. c3 Nc6 7. Ndf3 h6 8. Ne2
a6 9. O-O b5 10. Be3 Be7 11. Ne1 Qb6 12. f4 cxd4 13. cxd4 Nb4 14. Bb1 Nf8 15.
Nd3 Nxd3 16. Bxd3 Bd7 17. Rc1 g6 18. Qb3 Rc8 19. Rxc8+ Bxc8 20. Rc1 Qb7 21. Bd2
Nd7 22. Ba5 Bd8 23. Bb4 Nb6 24. Qc2 Bd7 25. Bxg6 Nc4 26. b3 Ne3 27. Qd3 Nxg2
28. Bh7 Nh4 29. Qg3 Ng6 30. Qxg6 a5 31. Qg7 1-0

[Event "2. Torneo Ciudad de Pontevedra 2014"]
[Site "Pontevedra ESP"]
[Date "2014.08.08"]
[Round "2.1"]
[White "Santos Latasa, Jaime"]
[Black "Ares Campo, Iria"]
[Result "1-0"]
[WhiteElo "2487"]
[BlackElo "1931"]
[PlyCount "55"]
[EventDate "2014.08.07"]
[EventType "swiss"]
[EventRounds "9"]
[EventCountry "ESP"]
[Source "lmi"]
[SourceDate "2014.08.07"]

1. c4 c5 2. Nc3 Nf6 3. Nf3 d6 4. g3 g6 5. Bg2 Bg7 6. O-O O-O 7. d4 Qc7 8. d5 a6
9. a4 e6 10. e4 exd5 11. cxd5 Bg4 12. Qc2 Bxf3 13. Bxf3 Nbd7 14. Be2 Rfe8 15.
Be3 c4 16. f3 Rac8 17. Rfc1 h5 18. a5 Ne5 19. Qd2 Nfd7 20. Na4 Qd8 21. Kg2 Rf8
22. h3 f5 23. exf5 Rxf5 24. f4 c3 25. Rxc3 Rxc3 26. Nxc3 h4 27. g4 Qf8 28. gxf5
1-0

[Event "2. Torneo Ciudad de Pontevedra 2014"]
[Site "Pontevedra ESP"]
[Date "2014.08.08"]
[Round "2.2"]
[White "Barreiro Pineiro, Jose"]
[Black "Barlov, Dragan"]
[Result "0-1"]
[WhiteElo "1931"]
[BlackElo "2439"]
[PlyCount "62"]
[EventDate "2014.08.07"]
[EventType "swiss"]
[EventRounds "9"]
[EventCountry "ESP"]
[Source "lmi"]
[SourceDate "2014.08.07"]

1. b4 d6 2. Nf3 e5 3. e3 g6 4. Bb2 Bg7 5. Be2 Ne7 6. O-O O-O 7. c4 e4 8. Bxg7
exf3 9. Bxf8 fxe2 10. Qxe2 Kxf8 11. Nc3 c6 12. a4 d5 13. d3 Be6 14. Rad1 Nd7
15. e4 d4 16. Nb1 c5 17. Qb2 Nc6 18. bxc5 Nxc5 19. Qa3 Qa5 20. Nd2 Qb4 21. Ra1
Qxa3 22. Rxa3 Nb4 23. Nf3 Rd8 24. Ne1 a5 25. f4 Bd7 26. Nf3 Bxa4 27. Ne1 b6 28.
f5 gxf5 29. Rxf5 Bd7 30. Rf6 Be6 31. Kf2 Nbxd3+ 0-1

[Event "2. Torneo Ciudad de Pontevedra 2014"]
[Site "Pontevedra ESP"]
[Date "2014.08.08"]
[Round "2.3"]
[White "Guerra Bastida, Diego"]
[Black "Serrano Martinez, Francisco Jose"]
[Result "1-0"]
[WhiteElo "2362"]
[BlackElo "1930"]
[PlyCount "69"]
[EventDate "2014.08.07"]
[EventType "swiss"]
[EventRounds "9"]
[EventCountry "ESP"]
[Source "lmi"]
[SourceDate "2014.08.07"]

1. e4 c5 2. Nf3 Nc6 3. Bb5 d6 4. O-O Bd7 5. c3 g6 6. d4 cxd4 7. cxd4 Bg7 8. Nc3
Nf6 9. Re1 O-O 10. h3 Rc8 11. Bg5 a6 12. Bf1 Qa5 13. a3 e6 14. Qd2 b5 15. Bh6
Rfd8 16. Bxg7 Kxg7 17. d5 Ne7 18. dxe6 Bxe6 19. Nd4 Bc4 20. Bxc4 Rxc4 21. Rad1
Rxd4 22. Qxd4 Nc6 23. Qd2 Ne5 24. Nd5 Qxd2 25. Rxd2 Nc4 26. Rc2 Re8 27. Nxf6
Kxf6 28. Kf1 g5 29. a4 h5 30. axb5 axb5 31. b3 Ne5 32. Ra1 Nd3 33. Rd2 Nc5 34.
Rxd6+ Ke7 35. Rd5 1-0

[Event "2. Torneo Ciudad de Pontevedra 2014"]
[Site "Pontevedra ESP"]
[Date "2014.08.08"]
[Round "2.5"]
[White "Suarez Gomez, Julio"]
[Black "Martinez Rodriguez, Pablo II"]
[Result "1-0"]
[WhiteElo "2294"]
[BlackElo "1907"]
[PlyCount "63"]
[EventDate "2014.08.07"]
[EventType "swiss"]
[EventRounds "9"]
[EventCountry "ESP"]
[Source "lmi"]
[SourceDate "2014.08.07"]

1. e4 e5 2. Nf3 Nc6 3. Bb5 a6 4. Ba4 Nf6 5. d3 b5 6. Bb3 Be7 7. O-O d6 8. c3
Na5 9. Bc2 c5 10. a4 Bd7 11. d4 Qc7 12. axb5 Bxb5 13. Re1 Nc6 14. c4 Bxc4 15.
Na3 Na5 16. Ba4+ Nd7 17. dxe5 Be6 18. Bf4 Nb7 19. exd6 Bxd6 20. Bxd6 Nxd6 21.
Ng5 O-O 22. Nxe6 fxe6 23. Bxd7 Qxd7 24. e5 Qf7 25. exd6 Qxf2+ 26. Kh1 Qxb2 27.
Nc4 Qb5 28. Qe2 Rfe8 29. Rab1 Qc6 30. Rbd1 Rad8 31. Ne5 Qb7 32. d7 1-0

[Event "2. Torneo Ciudad de Pontevedra 2014"]
[Site "Pontevedra ESP"]
[Date "2014.08.08"]
[Round "2.6"]
[White "Puga, Villarino Eloy"]
[Black "Gonzalez Diaz, Julio"]
[Result "1/2-1/2"]
[WhiteElo "1898"]
[BlackElo "2286"]
[PlyCount "157"]
[EventDate "2014.08.07"]
[EventType "swiss"]
[EventRounds "9"]
[EventCountry "ESP"]
[Source "lmi"]
[SourceDate "2014.08.07"]

1. e4 d6 2. d4 Nf6 3. Nc3 g6 4. f4 Bg7 5. Nf3 c5 6. Bb5+ Bd7 7. e5 Ng4 8. Bxd7+
Qxd7 9. d5 dxe5 10. h3 e4 11. Nxe4 Nf6 12. Nxf6+ Bxf6 13. O-O O-O 14. c4 b5 15.
Ne5 Qd6 16. Qf3 Nd7 17. Nxd7 Qxd7 18. f5 bxc4 19. Bh6 Bxb2 20. Rad1 Qxf5 21.
Qxf5 gxf5 22. Bxf8 Kxf8 23. Rxf5 Bd4+ 24. Kf1 Rb8 25. Rc1 c3 26. Rf3 Rb2 27. a3
Rb3 28. a4 Ra3 29. Rc2 Rxa4 30. Ke2 f6 31. g4 h6 32. Rf1 Be5 33. Rb1 Re4+ 34.
Kf3 Rb4 35. Ra1 Rb2 36. Ra2 a5 37. Ke2 a4 38. Kd1 Rb1+ 39. Ke2 Rb4 40. Kd1 Rd4+
41. Ke2 Rb4 42. Ra1 Re4+ 43. Kd1 Rd4+ 44. Ke2 Kf7 45. Raa2 Kg6 46. Rxc3 Rxd5
47. Rc4 Bd4 48. Rcxa4 Re5+ 49. Kf3 Re3+ 50. Kg2 Rc3 51. R4a3 Rc1 52. Rf3 c4 53.
Rf4 Be5 54. Rf1 Rxf1 55. Kxf1 c3 56. Ra4 Kg5 57. Kg2 h5 58. Kf3 Kg6 59. Rc4 Kg5
60. Ra4 Kh6 61. Rc4 Kg6 62. Ra4 Kg5 63. Rc4 e6 64. Ra4 f5 65. gxf5 Kxf5 66. Rc4
Bf6 67. Rc5+ Kg6 68. Ke4 h4 69. Rc6 Kf7 70. Rc7+ Ke8 71. Kd3 Be5 72. Rh7 Bf6
73. Rc7 Kf8 74. Rh7 Kg8 75. Rc7 Kf8 76. Rh7 Ke8 77. Rc7 Kd8 78. Rh7 Ke8 79. Rc7
1/2-1/2

[Event "2. Torneo Ciudad de Pontevedra 2014"]
[Site "Pontevedra ESP"]
[Date "2014.08.08"]
[Round "2.7"]
[White "Torrado Quintela, Julio"]
[Black "Manton, Jacob"]
[Result "1/2-1/2"]
[WhiteElo "2247"]
[BlackElo "1864"]
[PlyCount "112"]
[EventDate "2014.08.07"]
[EventType "swiss"]
[EventRounds "9"]
[EventCountry "ESP"]
[Source "lmi"]
[SourceDate "2014.08.07"]

1. e4 e6 2. d3 c5 3. Nf3 Nc6 4. g3 g6 5. Bg2 Bg7 6. O-O Nge7 7. c3 O-O 8. Be3
d6 9. d4 b6 10. Na3 Ba6 11. Re1 Qc7 12. Qa4 Bb7 13. Nb5 Qb8 14. dxc5 bxc5 15.
Rad1 Rd8 16. Rd2 a6 17. Na3 Qc7 18. Red1 Na7 19. Nc4 Bxe4 20. Nxd6 Bd5 21. Ne4
c4 22. Bf4 Qc6 23. Qxc6 Naxc6 24. Nc5 Ra7 25. h4 Rc8 26. Na4 Rb7 27. Ne1 Bxg2
28. Nxg2 Nd5 29. Bg5 Ne5 30. Re2 Nf3+ 31. Kf1 Nxg5 32. hxg5 Rb5 33. Ne3 Nxe3+
34. Rxe3 Rxg5 35. Nb6 Rb8 36. Nxc4 Rc5 37. b3 a5 38. Red3 Bf6 39. Rf3 Be7 40.
Rd7 Kf8 41. Ra7 Rbb5 42. Rd3 Rd5 43. Rxd5 exd5 44. Rxa5 Rxa5 45. Nxa5 Bc5 46.
b4 Bb6 47. Nc6 Ke8 48. a4 Kd7 49. Nd4 Bxd4 50. cxd4 h5 51. g4 hxg4 52. Kg2 f5
53. Kg3 g5 54. a5 Kc6 55. a6 Kb6 56. b5 Ka7 1/2-1/2

[Event "2. Torneo Ciudad de Pontevedra 2014"]
[Site "Pontevedra ESP"]
[Date "2014.08.08"]
[Round "2.9"]
[White "Portela Peleteiro, Alberto"]
[Black "Alonso Caamano, Ruben"]
[Result "1-0"]
[WhiteElo "2144"]
[BlackElo "1857"]
[PlyCount "39"]
[EventDate "2014.08.07"]
[EventType "swiss"]
[EventRounds "9"]
[EventCountry "ESP"]
[Source "lmi"]
[SourceDate "2014.08.07"]

1. e4 c5 2. Ne2 Nc6 3. Nbc3 g6 4. d4 cxd4 5. Nxd4 Bg7 6. Nb3 d6 7. Be2 Nf6 8.
O-O Be6 9. Re1 Bxb3 10. axb3 Nd7 11. Nd5 O-O 12. c3 Nc5 13. b4 Ne6 14. Be3 a6
15. f4 Bh6 16. Bg4 Na7 17. Bb6 Qd7 18. f5 Nc8 19. fxe6 fxe6 20. Nc7 1-0

[Event "2. Torneo Ciudad de Pontevedra 2014"]
[Site "Pontevedra ESP"]
[Date "2014.08.08"]
[Round "2.10"]
[White "Gittens, Nathan L"]
[Black "Garcia Ortega, Jesus Angel"]
[Result "0-1"]
[WhiteElo "1851"]
[BlackElo "2142"]
[PlyCount "102"]
[EventDate "2014.08.07"]
[EventType "swiss"]
[EventRounds "9"]
[EventCountry "ESP"]
[Source "lmi"]
[SourceDate "2014.08.07"]

1. d4 Nf6 2. c4 e5 3. dxe5 Ng4 4. Bf4 Bb4+ 5. Nc3 Nc6 6. Nf3 Qe7 7. Qd5 Bxc3+
8. bxc3 Qa3 9. Rc1 f6 10. exf6 Nxf6 11. Qd3 O-O 12. g3 Re8 13. Bg2 Nb4 14. Qb1
Nxa2 15. Ng5 Nxc1 16. Bd5+ Re6 17. Be5 Nd3+ 18. Qxd3 Qc1+ 19. Qd1 Qxg5 20.
Bxe6+ dxe6 21. Qd8+ Kf7 22. Qxc7+ Nd7 23. f4 Qf5 24. O-O Qe4 25. Rd1 Qc6 26.
Qd8 Qb6+ 27. Qxb6 Nxb6 28. c5 Nd5 29. Rd3 a5 30. e4 Ne7 31. c4 Nc6 32. Bb2 g6
33. g4 a4 34. Ba3 Na5 35. Rd4 Ke8 36. Kf2 Bd7 37. Kg3 Bc6 38. Kh4 h6 39. g5
hxg5+ 40. Kxg5 Kf7 41. f5 gxf5 42. exf5 exf5 43. Kxf5 Rh8 44. h4 Nb3 45. Rf4
Rd8 46. Kg5+ Ke6 47. Rf6+ Ke7 48. Bb4 Rd1 49. Rf4 Nd4 50. Kh6 Ne6 51. Rg4 Rd3
0-1

[Event "2. Torneo Ciudad de Pontevedra 2014"]
[Site "Pontevedra ESP"]
[Date "2014.08.09"]
[Round "3.1"]
[White "Garrido Piriz, Pablo"]
[Black "Santos Latasa, Jaime"]
[Result "0-1"]
[WhiteElo "2040"]
[BlackElo "2487"]
[PlyCount "110"]
[EventDate "2014.08.07"]
[EventType "swiss"]
[EventRounds "9"]
[EventCountry "ESP"]
[Source "lmi"]
[SourceDate "2014.08.07"]

1. e4 e6 2. d4 d5 3. Nc3 Nf6 4. Bg5 dxe4 5. Nxe4 Nbd7 6. Nf3 Be7 7. Bxf6 Nxf6
8. Bd3 O-O 9. Qd2 Qd5 10. Nc3 Qa5 11. O-O Bb4 12. a3 Bxc3 13. bxc3 b6 14. Rfe1
Nd5 15. Be4 Ba6 16. Ne5 Rac8 17. Nc6 Qxc3 18. Ne7+ Kh8 19. Qxc3 Nxc3 20. Nxc8
Rxc8 21. Bf3 Rd8 22. Re3 Na4 23. d5 Bc4 24. Rd1 g6 25. dxe6 Rxd1+ 26. Bxd1 Bxe6
27. f4 h5 28. g3 Kg7 29. Kg2 Nc5 30. h3 Kf6 31. g4 hxg4 32. hxg4 Nb7 33. Bf3
Nd6 34. Kg3 g5 35. Rd3 Nc4 36. f5 Bc8 37. Rc3 Ba6 38. Be2 Nd6 39. Re3 Bc8 40.
Bd3 Bd7 41. Be4 Ba4 42. Bf3 c5 43. Rd3 Ke7 44. f6+ Ke6 45. Bd5+ Ke5 46. c4 Bc2
47. Rf3 Bg6 48. Kf2 b5 49. Ke2 bxc4 50. Bc6 Kd4 51. Kd2 c3+ 52. Rxc3 Nc4+ 53.
Rxc4+ Kxc4 54. Ba4 Kd4 55. Bc6 c4 0-1

[Event "2. Torneo Ciudad de Pontevedra 2014"]
[Site "Pontevedra ESP"]
[Date "2014.08.09"]
[Round "3.2"]
[White "Barlov, Dragan"]
[Black "Gomez Ferrer, Jesus"]
[Result "1-0"]
[WhiteElo "2439"]
[BlackElo "2028"]
[PlyCount "101"]
[EventDate "2014.08.07"]
[EventType "swiss"]
[EventRounds "9"]
[EventCountry "ESP"]
[Source "lmi"]
[SourceDate "2014.08.07"]

1. e4 c5 2. Nf3 d6 3. d4 cxd4 4. Nxd4 Nf6 5. Nc3 a6 6. g3 e5 7. Nde2 Be6 8. Bg2
Nbd7 9. h3 h5 10. a4 Be7 11. a5 Bc4 12. Be3 Rc8 13. Qd2 Bxe2 14. Qxe2 Qc7 15.
O-O Qc4 16. Qe1 Qe6 17. Qd2 O-O 18. Rfc1 Rfe8 19. h4 Rcd8 20. f3 Qc4 21. b3 Qc7
22. Na4 Nc5 23. Nb6 Ncd7 24. c4 Nc5 25. Rab1 Qb8 26. b4 Ncd7 27. Bh3 Nf8 28.
Nd5 N8d7 29. Nxe7+ Rxe7 30. Rd1 Nf8 31. Bb6 Rde8 32. Qxd6 Qxd6 33. Rxd6 Ne6 34.
Rbd1 Kh7 35. Kf2 g6 36. Be3 Kg7 37. Ke2 Nh7 38. Bxe6 fxe6 39. Rd7 Nf8 40. Rxe7+
Rxe7 41. Rd8 Rd7 42. Rc8 Kf7 43. Bd2 Nh7 44. Bc3 g5 45. Bxe5 gxh4 46. gxh4 Nf6
47. b5 Ng8 48. bxa6 bxa6 49. Ra8 Ne7 50. Rxa6 Ng6 51. Bg3 1-0

[Event "2. Torneo Ciudad de Pontevedra 2014"]
[Site "Pontevedra ESP"]
[Date "2014.08.09"]
[Round "3.3"]
[White "Abbas, Daniel"]
[Black "Guerra Bastida, Diego"]
[Result "1-0"]
[WhiteElo "2010"]
[BlackElo "2362"]
[PlyCount "81"]
[EventDate "2014.08.07"]
[EventType "swiss"]
[EventRounds "9"]
[EventCountry "ESP"]
[Source "lmi"]
[SourceDate "2014.08.07"]

1. e4 c5 2. Nf3 d6 3. Bb5+ Bd7 4. c4 Nf6 5. Nc3 g6 6. O-O Bg7 7. d4 cxd4 8.
Nxd4 O-O 9. h3 Bxb5 10. cxb5 Nbd7 11. Qe2 Rc8 12. Rd1 Qc7 13. Be3 Qc4 14. Qd2
e5 15. Nde2 Nxe4 16. Nxe4 Qxe4 17. Qxd6 Nf6 18. Rac1 Rxc1 19. Rxc1 Nd5 20. Nc3
Nxc3 21. bxc3 Qa4 22. c4 b6 23. c5 Qa3 24. Qc7 bxc5 25. Qxc5 Qa4 26. Qxa7 Qxb5
27. a4 Qd5 28. a5 Ra8 29. Qb6 e4 30. Rc5 Qd1+ 31. Kh2 Bf8 32. Rc6 Rd8 33. a6
Bd6+ 34. g3 Be5 35. a7 Kg7 36. Qc5 Qa1 37. Rc8 Rd1 38. Qf8+ Kf6 39. Rc6+ Kf5
40. Qxf7+ Bf6 41. g4+ 1-0

[Event "2. Torneo Ciudad de Pontevedra 2014"]
[Site "Pontevedra ESP"]
[Date "2014.08.09"]
[Round "3.4"]
[White "Alvarez Fernandez, Enrique"]
[Black "Pfreundt, Jakob"]
[Result "1-0"]
[WhiteElo "2355"]
[BlackElo "1990"]
[PlyCount "93"]
[EventDate "2014.08.07"]
[EventType "swiss"]
[EventRounds "9"]
[EventCountry "ESP"]
[Source "lmi"]
[SourceDate "2014.08.07"]

1. d4 d5 2. Bg5 Nf6 3. Bxf6 exf6 4. e3 Bd6 5. g3 c6 6. Bg2 Qb6 7. b3 a5 8. a3
a4 9. b4 Be6 10. Nd2 Na6 11. Ne2 f5 12. c4 dxc4 13. Qc1 Nc7 14. Nxc4 Bxc4 15.
Qxc4 Qb5 16. Qc2 O-O 17. O-O Nd5 18. Rfc1 g6 19. Qc4 Nc7 20. Qxb5 Nxb5 21. Nf4
Rfc8 22. Nd3 Rc7 23. Bf3 Na7 24. Ra2 Nc8 25. Rac2 Nb6 26. d5 Rac8 27. dxc6 bxc6
28. Rxc6 Rxc6 29. Bxc6 Kf8 30. Kg2 Ke7 31. Kf3 h6 32. Ke2 Rc7 33. Kd2 g5 34.
Bb5 Rxc1 35. Kxc1 f4 36. exf4 gxf4 37. Nb2 Be5 38. Nd3 Bd6 39. Nxf4 Bxf4+ 40.
gxf4 Kd6 41. Kd2 f6 42. Kd3 Kd5 43. Be8 Ke6 44. Kd4 Kd6 45. Bb5 Nd5 46. f5 Nb6
47. Be8 1-0

[Event "2. Torneo Ciudad de Pontevedra 2014"]
[Site "Pontevedra ESP"]
[Date "2014.08.09"]
[Round "3.5"]
[White "Lopez Rivera, Jesus"]
[Black "Suarez Gomez, Julio"]
[Result "0-1"]
[WhiteElo "1986"]
[BlackElo "2294"]
[PlyCount "104"]
[EventDate "2014.08.07"]
[EventType "swiss"]
[EventRounds "9"]
[EventCountry "ESP"]
[Source "lmi"]
[SourceDate "2014.08.07"]

1. e4 e6 2. d4 d5 3. Nc3 Bb4 4. exd5 exd5 5. Bd3 Nc6 6. a3 Bxc3+ 7. bxc3 Nge7
8. Qh5 Be6 9. Rb1 b6 10. Nf3 Qd7 11. Ng5 O-O-O 12. Nxe6 Qxe6+ 13. Be3 h6 14.
O-O Qf6 15. a4 Kb8 16. Ba6 Ka8 17. Rfe1 Rd6 18. Bb5 Rhd8 19. Qg4 Qg6 20. Qd1
Re6 21. Bd3 Qf6 22. Qg4 Ng6 23. c4 Qe7 24. cxd5 Rxd5 25. c3 Rg5 26. Qd1 Nh4 27.
g3 Qd7 28. Rb5 Rf6 29. Be4 Rg4 30. Bh1 Kb8 31. f3 Rgg6 32. Bf2 Nf5 33. Qd3 Nd6
34. Rbb1 Na5 35. Re2 Re6 36. Rbe1 Rxe2 37. Rxe2 Nac4 38. f4 f5 39. Qf3 c6 40.
Qxc6 Qxc6 41. Bxc6 Rf6 42. Re7 Rf7 43. Rxf7 Nxf7 44. d5 Nfd6 45. Bd4 g6 46. Be5
Kc8 47. h3 a5 48. g4 b5 49. gxf5 gxf5 50. Kf2 Ne4+ 51. Ke2 bxa4 52. Bb5 Nxe5
0-1

[Event "2. Torneo Ciudad de Pontevedra 2014"]
[Site "Pontevedra ESP"]
[Date "2014.08.09"]
[Round "3.6"]
[White "Rodriguez Lopez, Rafael"]
[Black "Rodriguez Dominguez, Miguel I"]
[Result "1-0"]
[WhiteElo "2238"]
[BlackElo "1951"]
[PlyCount "155"]
[EventDate "2014.08.07"]
[EventType "swiss"]
[EventRounds "9"]
[EventCountry "ESP"]
[Source "lmi"]
[SourceDate "2014.08.07"]

1. e4 c5 2. Nf3 e6 3. d4 cxd4 4. Nxd4 Nf6 5. Nc3 Nc6 6. Ndb5 Bb4 7. a3 Bxc3+ 8.
Nxc3 d5 9. exd5 exd5 10. Bd3 O-O 11. O-O d4 12. Ne2 Bg4 13. Bg5 Re8 14. Re1 Qd6
15. Qd2 Bxe2 16. Bf4 Qd7 17. Rxe2 Rxe2 18. Bxe2 Re8 19. Bf3 Ne4 20. Qd3 Nc5 21.
Qc4 Ne6 22. Bg3 Ne7 23. Rd1 Nf5 24. Bg4 Rc8 25. Qd3 Nxg3 26. hxg3 Qa4 27. Bxe6
fxe6 28. Qxd4 Qxc2 29. Re1 Re8 30. Qd7 Qc6 31. Rd1 a5 32. Qxc6 bxc6 33. Rd6 Rb8
34. Rxc6 Rxb2 35. Rc5 Rb1+ 36. Kh2 Rb2 37. f3 Re2 38. Rxa5 e5 39. Ra4 Re3 40.
g4 Kf7 41. Kg3 Rb3 42. Ra7+ Kg6 43. Ra4 h5 44. gxh5+ Kxh5 45. Ra5 Kg6 46. Kg4
Rb2 47. g3 Rb3 48. Ra6+ Kf7 49. a4 Rc3 50. a5 Ra3 51. Ra7+ Kg6 52. a6 Ra4+ 53.
Kh3 Ra3 54. Kg2 Ra2+ 55. Kf1 Ra1+ 56. Kf2 Ra2+ 57. Ke3 Ra4 58. Ra8 Kh7 59. a7
Kg6 60. Kd3 Kh7 61. Kc3 Kg6 62. Kb3 Ra1 63. Kb4 Ra2 64. Kc5 Ra5+ 65. Kd6 Kh7
66. Ke6 Kg6 67. g4 Kh7 68. Kf5 g6+ 69. Kf6 Ra3 70. Kxe5 Kg7 71. f4 Re3+ 72. Kd4
Ra3 73. f5 Ra4+ 74. Ke3 gxf5 75. gxf5 Ra3+ 76. Kd2 Ra2+ 77. Kc3 Ra6 78. f6+ 1-0

[Event "2. Torneo Ciudad de Pontevedra 2014"]
[Site "Pontevedra ESP"]
[Date "2014.08.09"]
[Round "3.7"]
[White "Garcia Sobrino, David"]
[Black "Portela Peleteiro, Alberto"]
[Result "0-1"]
[WhiteElo "1852"]
[BlackElo "2144"]
[PlyCount "54"]
[EventDate "2014.08.07"]
[EventType "swiss"]
[EventRounds "9"]
[EventCountry "ESP"]
[Source "lmi"]
[SourceDate "2014.08.07"]

1. e4 d6 2. d4 Nf6 3. Nc3 e5 4. dxe5 dxe5 5. Qxd8+ Kxd8 6. Nf3 Bd6 7. Bg5 c6 8.
Bd3 Kc7 9. O-O-O Be6 10. Rhe1 Nbd7 11. Nd2 b5 12. Nb3 a6 13. f3 Nb6 14. Be3
Nfd7 15. a3 g6 16. g4 f6 17. Rd2 Be7 18. Rg2 c5 19. Be2 b4 20. axb4 cxb4 21.
Nd1 a5 22. Bb5 a4 23. Nd2 Nc5 24. Bxc5 Bxc5 25. Ne3 a3 26. Kb1 axb2 27. Nb3
Bxb3 0-1